Empleo, crecimiento y equidad: los retos de las reformas económicas de finales del siglo XX en Costa Rica. III parte: Empleo y equidad /
שמור ב:
| מחבר ראשי: | |
|---|---|
| פורמט: | לא ידוע |
| יצא לאור: |
San José:
Editorial de la Universidad de Costa Rica
|
| נושאים: | |
| תגים: |
הוספת תג
אין תגיות, היה/י הראשונ/ה לתייג את הרשומה!
|
MARC
| LEADER | 00000 a2200000 04500 | ||
|---|---|---|---|
| 001 | 18799 | ||
| 003 | |||
| 008 | 991231s d | ||
| 040 | |||
| 090 | |a 144409 | ||
| 100 | |a Ulate Quirós, Anabelle | ||
| 245 | |a Empleo, crecimiento y equidad: los retos de las reformas económicas de finales del siglo XX en Costa Rica. III parte: Empleo y equidad / |c Anabelle Ulate Quirós | ||
| 260 | |a San José: |b Editorial de la Universidad de Costa Rica | ||
| 300 | |a 559 p. | ||
| 650 | |a EMPLEO | ||
| 650 | |a SALARIOS | ||
| 650 | |a ASPECTOS ECONOMICOS | ||
| 999 | |c 15688 |d 15688 | ||
